000 01117nam a2200301Ia 4500
001 ebr10740160
003 CaPaEBR
006 m o u
007 cr cn|||||||||
008 130801s2013 nju s 000 0 eng d
020 _z9781118582930
020 _z9781118581681
040 _aCaPaEBR
_cCaPaEBR
035 _a(OCoLC)854977503
050 1 4 _aHD57.7
_b.W384 2013eb
082 0 4 _a658.4092
_222
100 1 _aWilliamson, R. Douglas.
245 1 0 _aStraight talk on leadership
_h[electronic resource] :
_bsolving Canada's business crisis /
_cDouglas R. Williamson.
260 _aHoboken, NJ :
_bWiley,
_c2013.
300 _a354 p.
533 _aElectronic reproduction.
_bPalo Alto, Calif. :
_cebrary,
_d2013.
_nAvailable via World Wide Web.
_nAccess may be limited to ebrary affiliated libraries.
650 0 _aLeadership
_zCanada.
650 0 _aManagement
_zCanada.
651 0 _aCanada
_xCommerce.
655 7 _aElectronic books.
_2local
710 2 _aebrary, Inc.
856 4 0 _uhttp://site.ebrary.com/lib/rucke/Doc?id=10740160
_zAn electronic book accessible through the World Wide Web; click to view
999 _c35290
_d35290